| 000 | 01718nam a2200289 a 4500 | ||
|---|---|---|---|
| 001 | 000045351 | ||
| 003 | DO-SdBNP | ||
| 005 | 20221205122223.0 | ||
| 008 | 131112s2014 dr a 000 0 spa d | ||
| 020 | _a9789945166484 | ||
| 040 |
_aDO-SdBNP _bspa _cBNPHU |
||
| 082 |
_a304.87293 _bR696e |
||
| 100 | 1 |
_aRodríguez Grullón, Altair _973375 |
|
| 245 | 1 | 0 |
_aEstado del arte de las migraciones que atañen a la República Dominicana 2013 / _cAltair Rodríguez Grullón. |
| 260 |
_aSanto Domingo : _bOBMICA, _c2014. |
||
| 300 |
_a184 p. : _bil. ; _c28 cm. |
||
| 500 | _aIncluye referencias bibliográficas y notas al pie de las páginas. | ||
| 504 | _aBibliografía p: 149-180 | ||
| 505 | 0 |
_aAbreviaciones -- _tIntroducción -- _tTendencias de las migraciones en el Caribe insular -- _tLa emigración dominicana: nuevas cifras y tendencias -- _tFlujo inmigratorio: cifras y tendencias -- _tEvolución de las políticas migratorias en República Dominicana -- _tSituación de derechos de las personas inmigrantes y sus descendientes -- _tConclusión _gAnexos I _tInmigración intrarregional Caribe insular -- _gAnexos II _tAcciones contra la trata de personas tomadas por países Caribe insular -- _gAnexos III _tEntrevistas realizadas en orden cronológico. |
|
| 590 | _aInventariado, 2018/VM | ||
| 650 | 4 |
_aPolítica de migración _zRepública Dominicana _y2013 _973376 |
|
| 651 | 4 |
_aRepública Dominicana _xEmigración E Inmigración _xAspectos Sociales _y2013 _973377 |
|
| 651 | 4 |
_aRepública Dominicana _xEmigración E Inmigración _xAspectos Económicos _y2013 _973378 |
|
| 710 | 2 | 2 |
_aCentro para la Observación Migratoria y el Desarrollo en el Caribe _942983 |
| 910 | _aValidado. Control de calidad MFF | ||
| 942 |
_2ddc _cLBS1 |
||
| 999 |
_c44840 _d44840 |
||